[Event "Guillermo Garcia Memorial U16 op 29th"]
[Site "Santa Clara"]
[Date "2022.05.06"]
[Round "5"]
[White "Alejandre Guardarrama, Ivette"]
[Black "Aguilera Enciso, Claudia"]
[Result "1-0"]
[WhiteElo "1075"]
[BlackElo "1490"]
[PlyCount "91"]
[EventDate "2022.05.02"]
[EventType "swiss"]
[EventRounds "7"]
[EventCountry "CUB"]
[SourceTitle "EXT 2023"]
[Source "ChessBase"]
[SourceDate "2022.10.05"]
[SourceVersion "1"]
[SourceVersionDate "2022.10.05"]
[SourceQuality "1"]

1. d4 Nf6 2. e3 d5 3. Bd3 e6 4. Nd2 Bd6 5. f4 c5 6. c3 Nc6 7. Ngf3 0-0 8. 0-0 c4 9. Bc2 Bd7 10. Ne5 Ne7 11. Ndf3 Nf5 12. g4 Ne7 13. Qe1 Ng6 14. Qg3 Rc8 15. h4 Bxe5 16. Nxe5 Ne4 17. Bxe4 dxe4 18. h5 Nxe5 19. fxe5 f6 20. Bd2 Bc6 21. Rf4 Qe7 22. Raf1 fxe5 23. Rxf8+ Rxf8 24. Qxe5 Bd5 25. Rxf8+ Qxf8 26. Be1 h6 27. g5 hxg5 28. Qxg5 Qf5 29. Bh4 Qxg5+ 30. Bxg5 b5 31. Kf2 Kh7 32. Kg3 a5 33. Kf4 b4 34. Ke5 b3 35. a3 a4 36. Kd6 Kg8 37. Kc5 Kf8 38. Kb5 Ke8 39. Kxa4 Kd7 40. Kb5 Kc7 41. Bf6 Bc6+ 42. Kc5 Be8 43. Bxg7 Bxh5 44. Kxc4 Bd1 45. Kb5 Kb7 46. a4 1-0

[Event "Guillermo Garcia Memorial U16 op 29th"]
[Site "Santa Clara"]
[Date "2022.05.04"]
[Round "3"]
[White "Fernandez Aloma, Ana Laura"]
[Black "Alejandre Guardarrama, Ivette"]
[Result "1-0"]
[WhiteElo "1423"]
[BlackElo "1075"]
[PlyCount "33"]
[EventDate "2022.05.02"]
[EventType "swiss"]
[EventRounds "7"]
[EventCountry "CUB"]
[SourceTitle "EXT 2023"]
[Source "ChessBase"]
[SourceDate "2022.10.05"]
[SourceVersion "1"]
[SourceVersionDate "2022.10.05"]
[SourceQuality "1"]

1. e4 c5 2. Nf3 e6 3. Nc3 Nc6 4. Bc4 Be7 5. 0-0 d6 6. d4 cxd4 7. Nxd4 e5 8. Nf5 Bxf5 9. exf5 Nf6 10. Nd5 Qd7 11. Nxe7 Nxe7 12. Qd3 Qxf5 13. Qxd6 Rd8 14. Bb5+ Nd7 15. Rd1 h5 16. Be3 b6 17. Qc7 1-0